000 00658nam a2200205 i 4500
001 82211
003 ES-MaACL
005 20250815115528.0
007 t|
008 041201s1971 sp ||||1| spa d
080 _a741.02
100 1 _aUlrich, Gerhard.
_9111954
245 1 3 _aEl placer de dibujar
_b: normas y técnicas para el arte del dibujo /
_cGerhard Ulrich ; [traducción, Gabriele Ostberg].
260 _a[Barcelona] :
_bCírculo de Lectores,
_c1971.
300 _a190 p., 1 h. :
_bil. ;
_c20 cm.
650 1 7 _aDibujo
_2embne
_911860
700 1 _aOstberg, Gabriela.
_987807
852 _aES-MaACL
_jE-10538
_bR.134676
999 _c82211
_d82211